000 00409nam a2200157Ia 4500
008 220204s9999 xx 000 0 und d
082 _a330.14 (047)
_bPAH
100 _aPahwa, H P S
245 0 _aBharat's project reports and appraisals
250 _aEd.3
260 _aNew Delhi
_bBharat law house
_c1995
650 _aHire purchase
650 _aLease finance
650 _aVenture capital
942 _cBK
999 _c41019
_d41019